All West Ham United Premier League Players Ever - Statistics

General Stats
  • This quiz has been taken 54 times
  • The average score is 370 of 764
Answer Stats
% Correct
2015/16 Jamaica Michail Antonio 26
97%
2016/17 Jamaica Michail Antonio 29
97%
2017/18 Jamaica Michail Antonio 21
97%
2018/19 Jamaica Michail Antonio 33
97%
2019/20 Jamaica Michail Antonio 24
97%
2020/21 Jamaica Michail Antonio 26
97%
2021/22 Jamaica Michail Antonio 36
97%
2022/23 Jamaica Michail Antonio 33
97%
2019/20 England Jarrod Bowen 13
94%
2020/21 England Jarrod Bowen 38
94%
2021/22 England Jarrod Bowen 36
94%
2022/23 England Jarrod Bowen 38
94%
1996/97 Wales Mark Bowen 17
94%
2005/06 England Mark Noble 5
94%
2006/07 England Mark Noble 10
94%
2007/08 England Mark Noble 31
94%
2008/09 England Mark Noble 29
94%
2009/10 England Mark Noble 27
94%
2010/11 England Mark Noble 26
94%
2012/13 England Mark Noble 28
94%
2013/14 England Mark Noble 38
94%
2014/15 England Mark Noble 28
94%
2015/16 England Mark Noble 37
94%
2016/17 England Mark Noble 30
94%
2017/18 England Mark Noble 29
94%
2018/19 England Mark Noble 31
94%
2019/20 England Mark Noble 33
94%
2020/21 England Mark Noble 21
94%
2021/22 England Mark Noble 11
94%
2019/20 Czech Republic Tomas Soucek 13
94%
2020/21 Czech Republic Tomas Soucek 38
94%
2021/22 Czech Republic Tomas Soucek 35
94%
2022/23 Czech Republic Tomas Soucek 36
94%
2010/11 Senegal Demba Ba 12
89%
2018/19 Poland Lukasz Fabianski 38
89%
2019/20 Poland Lukasz Fabianski 25
89%
2020/21 Poland Lukasz Fabianski 35
89%
2021/22 Poland Lukasz Fabianski 37
89%
2022/23 Poland Lukasz Fabianski 36
89%
2020/21 Czech Republic Vladimir Coufal 34
89%
2021/22 Czech Republic Vladimir Coufal 28
89%
2022/23 Czech Republic Vladimir Coufal 27
89%
2015/16 Italy Angelo Ogbonna 28
86%
2016/17 Italy Angelo Ogbonna 20
86%
2017/18 Italy Angelo Ogbonna 32
86%
2018/19 Italy Angelo Ogbonna 24
86%
2019/20 Italy Angelo Ogbonna 31
86%
2020/21 Italy Angelo Ogbonna 28
86%
2021/22 Italy Angelo Ogbonna 11
86%
2022/23 Italy Angelo Ogbonna 16
86%
1995/96 England Frank Lampard 2
86%
1996/97 England Frank Lampard 13
86%
1997/98 England Frank Lampard 31
86%
1998/99 England Frank Lampard 38
86%
1999/00 England Frank Lampard 34
86%
2000/01 England Frank Lampard 30
86%
2005/06 England Kyel Reid 2
86%
2007/08 England Kyel Reid 1
86%
2010/11 New Zealand Winston Reid 7
86%
2012/13 New Zealand Winston Reid 36
86%
2013/14 New Zealand Winston Reid 22
86%
2014/15 New Zealand Winston Reid 30
86%
2015/16 New Zealand Winston Reid 24
86%
2016/17 New Zealand Winston Reid 30
86%
2017/18 New Zealand Winston Reid 17
86%
2014/15 England Aaron Cresswell 38
83%
2015/16 England Aaron Cresswell 37
83%
2016/17 England Aaron Cresswell 26
83%
2017/18 England Aaron Cresswell 36
83%
2018/19 England Aaron Cresswell 20
83%
2019/20 England Aaron Cresswell 31
83%
2020/21 England Aaron Cresswell 36
83%
2021/22 England Aaron Cresswell 31
83%
2022/23 England Aaron Cresswell 28
83%
2016/17 England Declan Rice 1
83%
2017/18 England Declan Rice 26
83%
2018/19 England Declan Rice 34
83%
2019/20 England Declan Rice 38
83%
2020/21 England Declan Rice 32
83%
2021/22 England Declan Rice 36
83%
2022/23 England Declan Rice 37
83%
2018/19 England Ben Johnson 1
81%
2019/20 England Ben Johnson 3
81%
2020/21 England Ben Johnson 14
81%
2021/22 England Ben Johnson 20
81%
2022/23 England Ben Johnson 17
81%
2002/03 England Glen Johnson 15
81%
2022/23 Brazil Lucas Paqueta 28
81%
2012/13 Portugal Ricardo Vaz Te 24
81%
2013/14 Portugal Ricardo Vaz Te 8
81%
2014/15 Portugal Ricardo Vaz Te 4
81%
2006/07 England Carlton Cole 17
78%
2007/08 England Carlton Cole 31
78%
2008/09 England Carlton Cole 26
78%
2009/10 England Carlton Cole 30
78%
2010/11 England Carlton Cole 35
78%
2012/13 England Carlton Cole 27
78%
2013/14 England Carlton Cole 26
78%
2014/15 England Carlton Cole 23
78%
2015/16 France Dimitri Payet 30
78%
2016/17 France Dimitri Payet 18
78%
1998/99 England Joe Cole 8
78%
1999/00 England Joe Cole 22
78%
2000/01 England Joe Cole 30
78%
2001/02 England Joe Cole 30
78%
2002/03 England Joe Cole 36
78%
2012/13 England Joe Cole 11
78%
2013/14 England Joe Cole 20
78%
2021/22 France Kurt Zouma 24
78%
2022/23 France Kurt Zouma 25
78%
2006/07 England Robert Green 26
78%
2007/08 England Robert Green 38
78%
2008/09 England Robert Green 37
78%
2009/10 England Robert Green 38
78%
2010/11 England Robert Green 37
78%
2013/14 England Roger Johnson 4
78%
2012/13 England Andy Carroll 24
75%
2013/14 England Andy Carroll 15
75%
2014/15 England Andy Carroll 14
75%
2015/16 England Andy Carroll 27
75%
2016/17 England Andy Carroll 18
75%
2017/18 England Andy Carroll 16
75%
2018/19 England Andy Carroll 12
75%
2005/06 England Anton Ferdinand 33
75%
2006/07 England Anton Ferdinand 31
75%
2007/08 England Anton Ferdinand 25
75%
2005/06 Wales James Collins 14
75%
2006/07 Wales James Collins 16
75%
2007/08 Wales James Collins 3
75%
2008/09 Wales James Collins 17
75%
2009/10 Wales James Collins 3
75%
2012/13 Wales James Collins 29
75%
2013/14 Wales James Collins 24
75%
2014/15 Wales James Collins 27
75%
2015/16 Wales James Collins 19
75%
2016/17 Wales James Collins 22
75%
2017/18 Wales James Collins 13
75%
2017/18 Mexico Javier Hernandez 28
75%
2018/19 Mexico Javier Hernandez 25
75%
2019/20 Mexico Javier Hernandez 2
75%
2002/03 England Les Ferdinand 14
75%
2015/16 Argentina Manuel Lanzini 26
75%
2016/17 Argentina Manuel Lanzini 35
75%
2017/18 Argentina Manuel Lanzini 27
75%
2018/19 Argentina Manuel Lanzini 10
75%
2019/20 Argentina Manuel Lanzini 24
75%
2020/21 Argentina Manuel Lanzini 17
75%
2021/22 Argentina Manuel Lanzini 30
75%
2022/23 Argentina Manuel Lanzini 10
75%
1998/99 Italy Paolo Di Canio 13
75%
1999/00 Italy Paolo Di Canio 30
75%
2000/01 Italy Paolo Di Canio 31
75%
2001/02 Italy Paolo Di Canio 26
75%
2002/03 Italy Paolo Di Canio 18
75%
1995/96 England Rio Ferdinand 1
75%
1996/97 England Rio Ferdinand 15
75%
1997/98 England Rio Ferdinand 35
75%
1998/99 England Rio Ferdinand 31
75%
1999/00 England Rio Ferdinand 33
75%
2000/01 England Rio Ferdinand 12
75%
2005/06 Northern Ireland Roy Carroll 19
75%
2006/07 Northern Ireland Roy Carroll 12
75%
2021/22 France Alphonse Areola 1
72%
2022/23 France Alphonse Areola 5
72%
2018/19 Ukraine Andriy Yarmolenko 9
72%
2019/20 Ukraine Andriy Yarmolenko 23
72%
2020/21 Ukraine Andriy Yarmolenko 15
72%
2021/22 Ukraine Andriy Yarmolenko 19
72%
2014/15 Ecuador Enner Valencia 32
72%
2015/16 Ecuador Enner Valencia 19
72%
2016/17 Ecuador Enner Valencia 3
72%
1999/00 England Michael Carrick 8
72%
2000/01 England Michael Carrick 33
72%
2001/02 England Michael Carrick 30
72%
2002/03 England Michael Carrick 30
72%
2019/20 Spain Pablo Fornals 36
72%
2020/21 Spain Pablo Fornals 33
72%
2021/22 Spain Pablo Fornals 36
72%
2022/23 Spain Pablo Fornals 32
72%
1996/97 England Richard Hall 7
72%
2012/13 England Robert Hall 1
72%
2020/21 Algeria Said Benrahma 30
72%
2021/22 Algeria Said Benrahma 32
72%
2022/23 Algeria Said Benrahma 35
72%
2006/07 Argentina Carlos Tevez 26
69%
2001/02 England David James 26
69%
2002/03 England David James 38
69%
2018/19 Brazil Felipe Anderson 36
69%
2019/20 Brazil Felipe Anderson 25
69%
2020/21 Brazil Felipe Anderson 2
69%
2017/18 England Joe Hart 19
69%
1993/94 England Steve Jones 8
69%
1994/95 England Steve Jones 2
69%
1996/97 England Steve Jones 8
69%
2005/06 Israel Yossi Benayoun 34
69%
2006/07 Israel Yossi Benayoun 29
69%
2012/13 Israel Yossi Benayoun 6
69%
2012/13 England Kevin Nolan 35
67%
2013/14 England Kevin Nolan 33
67%
2014/15 England Kevin Nolan 29
67%
2015/16 England Kevin Nolan 2
67%
2017/18 Austria Marko Arnautovic 31
67%
2018/19 Austria Marko Arnautovic 28
67%
2022/23 Morocco Nayef Aguerd 18
67%
2013/14 Spain Adrian 20
64%
2014/15 Spain Adrian 38
64%
2015/16 Spain Adrian 32
64%
2016/17 Spain Adrian 16
64%
2017/18 Spain Adrian 19
64%
2016/17 DR Congo Arthur Masuaku 13
64%
2017/18 DR Congo Arthur Masuaku 27
64%
2018/19 DR Congo Arthur Masuaku 23
64%
2019/20 DR Congo Arthur Masuaku 17
64%
2020/21 DR Congo Arthur Masuaku 12
64%
2021/22 DR Congo Arthur Masuaku 13
64%
2022/23 Italy Emerson Palmieri 22
64%
2022/23 Italy Gianluca Scamacca 16
64%
2000/01 England Jermain Defoe 1
64%
2001/02 England Jermain Defoe 35
64%
2002/03 England Jermain Defoe 38
64%
2017/18 Argentina Pablo Zabaleta 37
64%
2018/19 Argentina Pablo Zabaleta 26
64%
2019/20 Argentina Pablo Zabaleta 10
64%
1998/99 Trinidad & Tobago Shaka Hislop 37
64%
1999/00 Trinidad & Tobago Shaka Hislop 22
64%
2000/01 Trinidad & Tobago Shaka Hislop 34
64%
2001/02 Trinidad & Tobago Shaka Hislop 12
64%
2005/06 Trinidad & Tobago Shaka Hislop 16
64%
1993/94 England Alvin Martin 7
61%
1994/95 England Alvin Martin 24
61%
1995/96 England Alvin Martin 14
61%
2019/20 England David Martin 5
61%
2006/07 Argentina Javier Mascherano 5
61%
2019/20 Cote D'Ivoire Sebastien Haller 32
61%
2020/21 Cote D'Ivoire Sebastien Haller 16
61%
2022/23 England Danny Ings 17
58%
2015/16 Ireland Darren Randolph 6
58%
2016/17 Ireland Darren Randolph 22
58%
2019/20 Ireland Darren Randolph 2
58%
2020/21 Ireland Darren Randolph 3
58%
1999/00 Mali Frederic Kanoute 8
58%
2000/01 Mali Frederic Kanoute 32
58%
2001/02 Mali Frederic Kanoute 27
58%
2002/03 Mali Frederic Kanoute 17
58%
2010/11 Ireland Robbie Keane 9
58%
2022/23 Germany Thilo Kehrer 27
58%
2018/19 Colombia Carlos Sanchez 7
56%
2019/20 Colombia Carlos Sanchez 6
56%
2007/08 England James Tomkins 6
56%
2008/09 England James Tomkins 12
56%
2009/10 England James Tomkins 23
56%
2010/11 England James Tomkins 19
56%
2012/13 England James Tomkins 26
56%
2013/14 England James Tomkins 31
56%
2014/15 England James Tomkins 22
56%
2015/16 England James Tomkins 25
56%
2012/13 Finland Jussi Jaaskelainen 38
56%
2013/14 Finland Jussi Jaaskelainen 18
56%
2014/15 Finland Jussi Jaaskelainen 1
56%
1993/94 Czech Republic Ludek Miklosko 42
56%
1994/95 Czech Republic Ludek Miklosko 42
56%
1995/96 Czech Republic Ludek Miklosko 36
56%
1996/97 Czech Republic Ludek Miklosko 36
56%
1997/98 Czech Republic Ludek Miklosko 13
56%
2015/16 Equatorial Guinea Pedro Obiang 24
56%
2016/17 Equatorial Guinea Pedro Obiang 22
56%
2017/18 Equatorial Guinea Pedro Obiang 21
56%
2018/19 Equatorial Guinea Pedro Obiang 24
56%
2001/02 Czech Republic Tomas Repka 31
56%
2002/03 Czech Republic Tomas Repka 32
56%
2005/06 Czech Republic Tomas Repka 19
56%
2014/15 Cameroon Alexandre Song 28
53%
2015/16 Cameroon Alexandre Song 12
53%
2014/15 Senegal Cheikhou Kouyate 31
53%
2015/16 Senegal Cheikhou Kouyate 34
53%
2016/17 Senegal Cheikhou Kouyate 31
53%
2017/18 Senegal Cheikhou Kouyate 33
53%
2020/21 England Craig Dawson 22
53%
2021/22 England Craig Dawson 34
53%
2022/23 England Craig Dawson 8
53%
2014/15 Senegal Diafra Sakho 23
53%
2015/16 Senegal Diafra Sakho 21
53%
2016/17 Senegal Diafra Sakho 4
53%
2017/18 Senegal Diafra Sakho 14
53%
1998/99 England Ian Wright 22
53%
2006/07 United States Jonathan Spector 25
53%
2007/08 United States Jonathan Spector 26
53%
2008/09 United States Jonathan Spector 8
53%
2009/10 United States Jonathan Spector 27
53%
2010/11 United States Jonathan Spector 14
53%
1994/95 Northern Ireland Michael Hughes 17
53%
1995/96 Northern Ireland Michael Hughes 27
53%
1996/97 Northern Ireland Michael Hughes 33
53%
1997/98 Northern Ireland Michael Hughes 5
53%
2021/22 Croatia Nikola Vlasic 19
53%
1996/97 England Paul Kitson 14
53%
1997/98 England Paul Kitson 13
53%
1998/99 England Paul Kitson 17
53%
1999/00 England Paul Kitson 10
53%
2000/01 England Paul Kitson 2
53%
2001/02 England Paul Kitson 7
53%
2000/01 Cameroon Rigobert Song 19
53%
2001/02 Cameroon Rigobert Song 5
53%
2007/08 England Scott Parker 18
53%
2008/09 England Scott Parker 27
53%
2009/10 England Scott Parker 31
53%
2010/11 England Scott Parker 32
53%
1996/97 Northern Ireland Steve Lomas 7
53%
1997/98 Northern Ireland Steve Lomas 33
53%
1998/99 Northern Ireland Steve Lomas 30
53%
1999/00 Northern Ireland Steve Lomas 25
53%
2000/01 Northern Ireland Steve Lomas 20
53%
2001/02 Northern Ireland Steve Lomas 15
53%
2002/03 Northern Ireland Steve Lomas 29
53%
2005/06 England Teddy Sheringham 26
53%
2006/07 England Teddy Sheringham 17
53%
2016/17 Ghana Andre Ayew 25
50%
2017/18 Ghana Andre Ayew 18
50%
2012/13 England Daniel Potts 2
50%
2005/06 Wales Danny Gabbidon 32
50%
2006/07 Wales Danny Gabbidon 18
50%
2007/08 Wales Danny Gabbidon 10
50%
2009/10 Wales Danny Gabbidon 10
50%
2010/11 Wales Danny Gabbidon 26
50%
2018/19 Paraguay Fabian Balbuena 23
50%
2019/20 Paraguay Fabian Balbuena 17
50%
2020/21 Paraguay Fabian Balbuena 14
50%
2007/08 Sweden Freddie Ljungberg 25
50%
2018/19 France Issa Diop 33
50%
2019/20 France Issa Diop 32
50%
2020/21 France Issa Diop 18
50%
2021/22 France Issa Diop 13
50%
1993/94 England Julian Dicks 7
50%
1994/95 England Julian Dicks 29
50%
1995/96 England Julian Dicks 34
50%
1996/97 England Julian Dicks 31
50%
1998/99 England Julian Dicks 9
50%
2006/07 Australia Lucas Neill 11
50%
2007/08 Australia Lucas Neill 34
50%
2008/09 Australia Lucas Neill 34
50%
2022/23 Cote D'Ivoire Maxwel Cornet 14
50%
2016/17 Scotland Robert Snodgrass 15
50%
2018/19 Scotland Robert Snodgrass 33
50%
2019/20 Scotland Robert Snodgrass 24
50%
2020/21 Scotland Robert Snodgrass 3
50%
1995/96 Croatia Slaven Bilic 13
50%
1996/97 Croatia Slaven Bilic 35
50%
1993/94 England Steve Potts 41
50%
1994/95 England Steve Potts 42
50%
1995/96 England Steve Potts 34
50%
1996/97 England Steve Potts 20
50%
1997/98 England Steve Potts 23
50%
1998/99 England Steve Potts 19
50%
1999/00 England Steve Potts 17
50%
2000/01 England Steve Potts 8
50%
1993/94 England Clive Allen 7
47%
2000/01 Croatia Davor Suker 11
47%
2005/06 England Elliott Ward 4
47%
1997/98 England Ian Pearce 30
47%
1998/99 England Ian Pearce 33
47%
1999/00 England Ian Pearce 1
47%
2000/01 England Ian Pearce 15
47%
2001/02 England Ian Pearce 9
47%
2002/03 England Ian Pearce 30
47%
1996/97 Wales John Hartson 11
47%
1997/98 Wales John Hartson 32
47%
1998/99 Wales John Hartson 17
47%
2005/06 England Marlon Harewood 37
47%
2006/07 England Marlon Harewood 32
47%
1993/94 England Martin Allen 26
47%
1994/95 England Martin Allen 29
47%
1995/96 England Martin Allen 3
47%
2012/13 England Matthew Taylor 28
47%
2013/14 England Matthew Taylor 20
47%
2005/06 England Nigel Reo-Coker 31
47%
2006/07 England Nigel Reo-Coker 35
47%
1999/00 England Stuart Pearce 8
47%
2000/01 England Stuart Pearce 34
47%
1997/98 England Trevor Sinclair 14
47%
1998/99 England Trevor Sinclair 36
47%
1999/00 England Trevor Sinclair 36
47%
2000/01 England Trevor Sinclair 19
47%
2001/02 England Trevor Sinclair 34
47%
2002/03 England Trevor Sinclair 38
47%
2005/06 England Dean Ashton 11
44%
2007/08 England Dean Ashton 31
44%
2008/09 England Dean Ashton 4
44%
2016/17 Switzerland Edimilson Fernandes 28
44%
2017/18 Switzerland Edimilson Fernandes 14
44%
2007/08 Senegal Henri Camara 10
44%
2006/07 Portugal Luis Boa Morte 14
44%
2007/08 Portugal Luis Boa Morte 27
44%
2008/09 Portugal Luis Boa Morte 26
44%
2009/10 Portugal Luis Boa Morte 1
44%
2010/11 Portugal Luis Boa Morte 22
44%
2006/07 England Matt Upson 2
44%
2007/08 England Matt Upson 29
44%
2008/09 England Matt Upson 36
44%
2009/10 England Matt Upson 33
44%
2010/11 England Matt Upson 30
44%
2013/14 England Stewart Downing 32
44%
2014/15 England Stewart Downing 37
44%
2000/01 Guinea Titi Camara 6
44%
2001/02 Guinea Titi Camara 1
44%
2002/03 Guinea Titi Camara 4
44%
2016/17 England Ashley Fletcher 16
42%
2005/06 Wales Carl Fletcher 12
42%
2007/08 Wales Craig Bellamy 8
42%
2008/09 Wales Craig Bellamy 16
42%
1993/94 England Danny Williamson 3
42%
1994/95 England Danny Williamson 4
42%
1995/96 England Danny Williamson 29
42%
1996/97 England Danny Williamson 15
42%
1994/95 Scotland Don Hutchison 23
42%
1995/96 Scotland Don Hutchison 12
42%
2001/02 Scotland Don Hutchison 24
42%
2002/03 Scotland Don Hutchison 10
42%
1997/98 Israel Eyal Berkovic 35
42%
1998/99 Israel Eyal Berkovic 30
42%
2022/23 England Flynn Downes 21
42%
2006/07 Northern Ireland George McCartney 22
42%
2007/08 Northern Ireland George McCartney 38
42%
2008/09 Northern Ireland George McCartney 1
42%
2012/13 Northern Ireland George McCartney 12
42%
2013/14 Northern Ireland George McCartney 22
42%
2020/21 England Jesse Lingard 16
42%
1998/99 Cameroon Marc-Vivien Foe 13
42%
1999/00 Cameroon Marc-Vivien Foe 25
42%
2005/06 England Paul Konchesky 37
42%
2006/07 England Paul Konchesky 22
42%
1996/97 Portugal Paulo Futre 9
42%
1994/95 England Tony Cottee 31
42%
1995/96 England Tony Cottee 33
42%
1996/97 England Tony Cottee 3
42%
2008/09 Switzerland Valon Behrami 23
42%
2009/10 Switzerland Valon Behrami 27
42%
2010/11 Switzerland Valon Behrami 7
42%
2016/17 Spain Alvaro Arbeloa 3
39%
2009/10 South Africa Benni McCarthy 5
39%
2010/11 South Africa Benni McCarthy 6
39%
2005/06 England Bobby Zamora 34
39%
2006/07 England Bobby Zamora 32
39%
2007/08 England Bobby Zamora 13
39%
2013/14 England Elliot Lee 1
39%
2014/15 England Elliot Lee 1
39%
1993/94 England Ian Bishop 36
39%
1994/95 England Ian Bishop 31
39%
1995/96 England Ian Bishop 35
39%
1996/97 England Ian Bishop 29
39%
1997/98 England Ian Bishop 3
39%
2016/17 Portugal Jose Fonte 16
39%
2017/18 Portugal Jose Fonte 8
39%
2005/06 England Matthew Etherington 33
39%
2006/07 England Matthew Etherington 27
39%
2007/08 England Matthew Etherington 18
39%
2008/09 England Matthew Etherington 13
39%
2012/13 Senegal Mohamed Diame 33
39%
2013/14 Senegal Mohamed Diame 35
39%
2014/15 Senegal Mohamed Diame 3
39%
1998/99 England Neil Ruddock 27
39%
1999/00 England Neil Ruddock 15
39%
2000/01 England Nigel Winterburn 33
39%
2001/02 England Nigel Winterburn 31
39%
2002/03 England Nigel Winterburn 18
39%
2021/22 Czech Republic Alex Kral 1
36%
1997/98 Canada Craig Forrest 13
36%
1998/99 Canada Craig Forrest 2
36%
1999/00 Canada Craig Forrest 11
36%
2000/01 Canada Craig Forrest 4
36%
2014/15 Uruguay Diego Poyet 3
36%
2002/03 France Edouard Cisse 25
36%
1997/98 England Ian Thomas-Moore 1
36%
2007/08 Wales Jack Collison 2
36%
2008/09 Wales Jack Collison 19
36%
2009/10 Wales Jack Collison 22
36%
2010/11 Wales Jack Collison 3
36%
2012/13 Wales Jack Collison 17
36%
2013/14 Wales Jack Collison 10
36%
2012/13 Ireland Joey O'Brien 33
36%
2013/14 Ireland Joey O'Brien 17
36%
2014/15 Ireland Joey O'Brien 9
36%
1994/95 England John Moncur 30
36%
1995/96 England John Moncur 20
36%
1996/97 England John Moncur 27
36%
1997/98 England John Moncur 20
36%
1998/99 England John Moncur 14
36%
1999/00 England John Moncur 22
36%
2000/01 England John Moncur 16
36%
2001/02 England John Moncur 19
36%
2002/03 England John Moncur 7
36%
1993/94 England Kenny Brown 9
36%
1994/95 England Kenny Brown 9
36%
1995/96 England Kenny Brown 3
36%
2007/08 England Kieron Dyer 2
36%
2008/09 England Kieron Dyer 7
36%
2009/10 England Kieron Dyer 10
36%
2010/11 England Kieron Dyer 11
36%
2007/08 Peru Nolberto Solano 23
36%
1999/00 Costa Rica Paulo Wanchope 35
36%
2000/01 France Sebastien Schemmel 12
36%
2001/02 France Sebastien Schemmel 35
36%
2002/03 France Sebastien Schemmel 16
36%
1995/96 Australia Stan Lazaridis 4
36%
1996/97 Australia Stan Lazaridis 22
36%
1997/98 Australia Stan Lazaridis 28
36%
1998/99 Australia Stan Lazaridis 15
36%
2010/11 Israel Tal Ben Haim 8
36%
2010/11 Germany Thomas Hitzlsperger 11
36%
2009/10 Italy Alessandro Diamanti 27
33%
2010/11 Italy Alessandro Diamanti 1
33%
2013/14 Italy Antonio Nocerino 10
33%
2000/01 Scotland Christian Dailly 12
33%
2001/02 Scotland Christian Dailly 38
33%
2002/03 Scotland Christian Dailly 26
33%
2005/06 Scotland Christian Dailly 22
33%
2006/07 Scotland Christian Dailly 14
33%
2005/06 Ireland Clive Clarke 2
33%
2022/23 Ireland Conor Coventry 1
33%
1995/96 Portugal Dani 9
33%
2016/17 Turkey Gokhan Tore 5
33%
2012/13 Cote D'Ivoire Guy Demel 31
33%
2013/14 Cote D'Ivoire Guy Demel 32
33%
2014/15 Cote D'Ivoire Guy Demel 6
33%
2005/06 England Jimmy Walker 3
33%
2002/03 England Lee Bowyer 10
33%
2006/07 England Lee Bowyer 20
33%
2007/08 England Lee Bowyer 15
33%
2008/09 England Lee Bowyer 6
33%
2009/10 Morocco Manuel da Costa 15
33%
2010/11 Morocco Manuel da Costa 16
33%
1998/99 France Marc Keller 21
33%
1999/00 France Marc Keller 23
33%
1995/96 Netherlands Marco Boogers 4
33%
2013/14 Italy Marco Borriello 2
33%
1994/95 Denmark Marc Rieper 21
33%
1995/96 Denmark Marc Rieper 36
33%
1996/97 Denmark Marc Rieper 28
33%
1997/98 Denmark Marc Rieper 5
33%
2009/10 Egypt Mido 9
33%
1993/94 England Mike Marsh 33
33%
1994/95 England Mike Marsh 16
33%
1997/98 France Samassi Abou 19
33%
1998/99 France Samassi Abou 3
33%
2016/17 Algeria Sofiane Feghouli 21
33%
2000/01 Bulgaria Svetoslav Todorov 8
33%
2001/02 Bulgaria Svetoslav Todorov 6
33%
2018/19 Portugal Xande Silva 1
33%
1993/94 England Dale Gordon 8
31%
1995/96 England Dale Gordon 1
31%
2007/08 England Freddie Sears 7
31%
2008/09 England Freddie Sears 17
31%
2009/10 England Freddie Sears 1
31%
2010/11 England Freddie Sears 11
31%
2009/10 Mexico Guillermo Franco 23
31%
2005/06 England Hayden Mullins 35
31%
2006/07 England Hayden Mullins 30
31%
2007/08 England Hayden Mullins 34
31%
2008/09 England Hayden Mullins 16
31%
1995/96 Romania Ilie Dumitrescu 3
31%
1996/97 Romania Ilie Dumitrescu 7
31%
2018/19 England Jack Wilshere 8
31%
2019/20 England Jack Wilshere 8
31%
2018/19 Spain Lucas Perez 15
31%
2012/13 England Matt Jarvis 32
31%
2013/14 England Matt Jarvis 32
31%
2014/15 England Matt Jarvis 11
31%
2015/16 England Matt Jarvis 3
31%
2013/14 Romania Razvan Rat 15
31%
1995/96 Australia Robbie Slater 22
31%
1996/97 Australia Robbie Slater 3
31%
2018/19 England Ryan Fredericks 15
31%
2019/20 England Ryan Fredericks 27
31%
2020/21 England Ryan Fredericks 14
31%
2021/22 England Ryan Fredericks 7
31%
1997/98 England Scott Mean 3
31%
2016/17 Italy Simone Zaza 8
31%
1993/94 England Trevor Morley 42
31%
1994/95 England Trevor Morley 14
31%
2019/20 Switzerland Albian Ajeti 9
28%
2014/15 England Carl Jenkinson 32
28%
2015/16 England Carl Jenkinson 20
28%
2008/09 Italy David Di Michele 29
28%
1997/98 England David Unsworth 32
28%
2022/23 England Divin Mubama 3
28%
2015/16 Nigeria Emmanuel Emenike 13
28%
2002/03 Ireland Gary Breen 14
28%
2010/11 England Gary O'Neil 8
28%
2012/13 England Gary O'Neil 24
28%
2016/17 Norway Havard Nordtveit 16
28%
2000/01 Australia Hayden Foxe 5
28%
2001/02 Australia Hayden Foxe 6
28%
1995/96 Northern Ireland Iain Dowie 33
28%
1996/97 Northern Ireland Iain Dowie 23
28%
1997/98 Northern Ireland Iain Dowie 12
28%
1998/99 Chile Javier Margas 3
28%
1999/00 Chile Javier Margas 18
28%
2000/01 Chile Javier Margas 3
28%
1993/94 England Lee Chapman 30
28%
1994/95 England Lee Chapman 10
28%
2015/16 Croatia Nikica Jelavic 13
28%
2017/18 France Patrice Evra 5
28%
2013/14 Jamaica Ravel Morrison 16
28%
2014/15 Jamaica Ravel Morrison 1
28%
2001/02 Australia Richard Garcia 8
28%
1998/99 England Scott Minto 15
28%
1999/00 England Scott Minto 18
28%
2000/01 England Scott Minto 1
28%
2001/02 England Scott Minto 5
28%
2002/03 England Scott Minto 12
28%
1999/00 England Stephen Bywater 4
28%
2000/01 England Stephen Bywater 1
28%
2005/06 England Stephen Bywater 1
28%
2015/16 Nigeria Victor Moses 21
28%
1993/94 England Colin Foster 5
25%
2008/09 DR Congo Herita Ilunga 34
25%
2009/10 DR Congo Herita Ilunga 16
25%
2010/11 DR Congo Herita Ilunga 11
25%
1999/00 Croatia Igor Stimac 24
25%
2000/01 Croatia Igor Stimac 19
25%
1993/94 Netherlands Jeroen Boere 4
25%
1994/95 Netherlands Jeroen Boere 20
25%
1995/96 Netherlands Jeroen Boere 1
25%
1993/94 England Mark Robson 3
25%
1995/96 England Mark Watson 1
25%
2014/15 Argentina Mauro Zarate 7
25%
2015/16 Argentina Mauro Zarate 15
25%
2012/13 Mali Modibo Maiga 17
25%
2013/14 Mali Modibo Maiga 14
25%
2015/16 Mali Modibo Maiga 3
25%
2013/14 Colombia Pablo Armero 5
25%
2019/20 Spain Roberto 8
25%
1993/94 England Tim Breacker 40
25%
1994/95 England Tim Breacker 33
25%
1995/96 England Tim Breacker 22
25%
1996/97 England Tim Breacker 25
25%
1997/98 England Tim Breacker 19
25%
1998/99 England Tim Breacker 3
25%
1993/94 England Tony Gale 32
25%
2010/11 England Wayne Bridge 15
25%
1999/00 St. Kitts & Nevis Adam Newton 2
22%
1997/98 France Bernard Lama 12
22%
2006/07 England Calum Davenport 6
22%
2008/09 England Calum Davenport 7
22%
2010/11 France Frederic Piquionne 34
22%
2018/19 England Grady Diangana 17
22%
2021/22 Scotland Harrison Ashby 1
22%
2005/06 France Jeremie Aliadiere 7
22%
2016/17 Argentina Jonathan Calleri 16
22%
2015/16 Ireland Josh Cullen 1
22%
2017/18 Ireland Josh Cullen 2
22%
2007/08 France Julien Faubert 7
22%
2008/09 France Julien Faubert 19
22%
2009/10 France Julien Faubert 33
22%
2010/11 France Julien Faubert 9
22%
2000/01 Guinea Kaba Diawara 11
22%
1993/94 Northern Ireland Keith Rowland 24
22%
1994/95 Northern Ireland Keith Rowland 12
22%
1995/96 Northern Ireland Keith Rowland 23
22%
1996/97 Northern Ireland Keith Rowland 14
22%
1997/98 Northern Ireland Keith Rowland 7
22%
2009/10 Chile Luis Jimenez 11
22%
1993/94 England Matthew Rush 10
22%
1994/95 England Matthew Rush 23
22%
2019/20 England Nathan Holland 2
22%
2015/16 England Reece Oxford 7
22%
2017/18 England Reece Oxford 1
22%
2005/06 England Shaun Newton 26
22%
2006/07 England Shaun Newton 3
22%
2001/02 Slovakia Vladimir Labant 12
22%
2002/03 Slovakia Vladimir Labant 1
22%
2012/13 France Alou Diarra 3
19%
2013/14 France Alou Diarra 3
19%
1997/98 England Andy Impey 19
19%
1998/99 England Andy Impey 8
19%
1999/00 England Gary Charles 4
19%
2000/01 England Gary Charles 1
19%
2000/01 Northern Ireland Grant McCann 1
19%
2001/02 Northern Ireland Grant McCann 3
19%
2006/07 Ghana John Pantsil 5
19%
2007/08 Ghana John Pantsil 14
19%
2006/07 Spain Kepa Blanco 8
19%
2010/11 Denmark Lars Jacobsen 24
19%
2001/02 France Laurent Courtois 7
19%
2012/13 Morocco Marouane Chamakh 3
19%
2014/15 France Morgan Amalfitano 24
19%
2010/11 Mexico Pablo Barrera 14
19%
1997/98 Portugal Paulo Alves 4
19%
2008/09 Czech Republic Radoslav Kovac 9
19%
2009/10 Czech Republic Radoslav Kovac 31
19%
2010/11 Czech Republic Radoslav Kovac 13
19%
2000/01 Norway Ragnvald Soma 4
19%
2001/02 Norway Ragnvald Soma 3
19%
2002/03 England Rufus Brevett 13
19%
2015/16 England Sam Byram 4
19%
2016/17 England Sam Byram 18
19%
2017/18 England Sam Byram 5
19%
2006/07 Jamaica Tyrone Mears 5
19%
2005/06 Israel Yaniv Katan 6
19%
2009/10 England Zavon Hines 13
19%
2010/11 England Zavon Hines 9
19%
2005/06 France David Bellion 8
17%
1993/94 England David Burrows 25
17%
1994/95 England David Burrows 4
17%
2008/09 Spain Diego Tristan 13
17%
2000/01 Finland Hannu Tihinen 8
17%
1996/97 Portugal Hugo Porfirio 23
17%
2017/18 Portugal Joao Mario 13
17%
1995/96 United States John Harkes 11
17%
2008/09 England Junior Stanislas 9
17%
2009/10 England Junior Stanislas 26
17%
2010/11 England Junior Stanislas 6
17%
1995/96 England Les Sealey 2
17%
1996/97 England Les Sealey 2
17%
2005/06 Argentina Lionel Scaloni 13
17%
1995/96 England Neil Finn 1
17%
1993/94 England Peter Butler 26
17%
1994/95 England Peter Butler 5
17%
2014/15 England Reece Burke 5
17%
2010/11 Belgium Ruud Boffin 1
17%
1999/00 Ireland Shaun Byrne 1
17%
2001/02 Ireland Shaun Byrne 1
17%
1994/95 England Simon Webster 5
17%
2008/09 Uruguay Walter Lopez 5
17%
2000/01 France Christian Bassila 3
14%
1997/98 France David Terrier 1
14%
2009/10 Switzerland Fabio Daprela 7
14%
1999/00 United States Ian Feuer 3
14%
2009/10 England Jordan Spence 1
14%
2010/11 England Jordan Spence 2
14%
2012/13 England Jordan Spence 4
14%
1997/98 England Lee Hodges 2
14%
1998/99 England Lee Hodges 1
14%
1993/94 England Matt Holmes 34
14%
1994/95 England Matt Holmes 24
14%
1996/97 England Mike Newell 7
14%
2006/07 Scotland Nigel Quashie 7
14%
2009/10 Hungary Peter Kurucz 1
14%
2018/19 France Samir Nasri 5
14%
1999/00 Serbia Sasa Ilic 1
14%
2008/09 Germany Savio Nsereko 10
14%
2021/22 England Sonny Perkins 1
14%
1998/99 Australia Chris Coyne 1
11%
2012/13 Austria Emanuel Pogatetz 6
11%
1996/97 Romania Florin Raducioiu 11
11%
2017/18 England Jordan Hugill 3
11%
1996/97 Ireland Lee Boylan 1
11%
2013/14 Croatia Mladen Petric 3
11%
2014/15 Brazil Nene 8
11%
1993/94 England Paul Mitchell 1
11%
2010/11 Nigeria Victor Obinna 25
11%
1994/95 England Adrian Whitbread 8
8%
1995/96 England Adrian Whitbread 2
8%
1998/99 England Gavin Holligan 1
8%
2019/20 England Jeremy Ngakia 5
8%
1996/97 England Manny Omoyinmi 1
8%
1997/98 England Manny Omoyinmi 5
8%
1998/99 England Manny Omoyinmi 3
8%
1993/94 England Paul Marquis 1
8%
1996/97 Australia Steve Mautone 1
8%
2021/22 England Daniel Chesters 1
6%
2009/10 England Frank Nouble 8
3%
2010/11 England Frank Nouble 2
3%
2009/10 Brazil Ilan Araujo 11
3%
2008/09 England Josh Payne 2
3%
No matching quizzes found
Score Distribution
Percent of People with Each Score
Percentile by Number Answered
Your Score History
You have not taken this quiz